000 00628nam a2200205Ia 4500
005 20260121110122.0
008 008 260114s9999 xx 000 0 hin d
020 _a9788132300281
037 _aEBOOK
040 _aCRL
_bhin
_cCRL
041 _ahin
_2hin
084 _qCRL
100 _aअरूण कुमार / Arun Kumar
_9942281
245 0 _aजापान का इतिहास / Japan ka Itihas
260 _bभाषा प्रकाशन / Bhasha Prakashan
_c2020
856 _uhttps://bhashaprakashan.com/product-details/377694
942 _cEBOOK
999 _c1533946
_d1533946